[Event "DVM U20 2022"]
[Site "Münster GER"]
[Date "2022.12.28"]
[Round "3"]
[White "Aumüller, Naum"]
[Black "Honisch, Alexander"]
[Result "0-1"]
[Termination "normal"]
[Board "8.2"]
[WhiteElo "1927"]
[BlackElo "1988"]
[WhiteClock "00:10:32"]
[BlackClock "00:23:19"]
[WhiteTeam "SC Bavaria Regensburg von 1881 e.V."]
[BlackTeam "SK Bebenhausen 1992"]
[PlyCount "90"]
[WhiteFideId "16263960"]
[BlackFideId "16298594"]
[EventCountry "GER"]
[EventRounds "7"]
[EventType "team-swiss"]
[EventDate "2022.12.26"]

1. e4 {[%clk 01:30:57]} {[%emt 00:00:02]} e5 {[%clk 01:30:32]} {[%emt
00:00:28]} 2. Nf3 {[%clk 01:31:17]} {[%emt 00:00:11]} Nc6 {[%clk 01:30:47]}
{[%emt 00:00:14]} 3. Bc4 {[%clk 01:31:41]} {[%emt 00:00:07]} Bc5 {[%clk
01:31:08]} {[%emt 00:00:09]} 4. c3 {[%clk 01:32:04]} {[%emt 00:00:07]} Nf6
{[%clk 01:31:31]} {[%emt 00:00:06]} 5. d3 {[%clk 01:32:29]} {[%emt 00:00:06]}
O-O {[%clk 01:31:07]} {[%emt 00:00:53]} 6. a4 {[%clk 01:32:36]} {[%emt
00:00:23]} a5 {[%clk 01:30:11]} {[%emt 00:01:26]} 7. O-O {[%clk 01:31:47]}
{[%emt 00:01:20]} d6 {[%clk 01:29:42]} {[%emt 00:00:58]} 8. Nbd2 {[%clk
01:29:03]} {[%emt 00:03:15]} h6 {[%clk 01:26:09]} {[%emt 00:04:03]} 9. Re1
{[%clk 01:27:55]} {[%emt 00:01:38]} Bb6 {[%clk 01:23:25]} {[%emt 00:03:13]} 10.
h3 {[%clk 01:25:28]} {[%emt 00:02:58]} Ne7 {[%clk 01:22:39]} {[%emt 00:01:16]}
11. Nf1 {[%clk 01:20:12]} {[%emt 00:05:46]} c6 {[%clk 01:20:08]} {[%emt
00:03:01]} 12. Ng3 {[%clk 01:12:30]} {[%emt 00:08:13]} Ng6 {[%clk 01:19:35]}
{[%emt 00:01:02]} 13. Bb3 {[%clk 01:01:29]} {[%emt 00:11:31]} Re8 {[%clk
01:14:44]} {[%emt 00:05:21]} 14. d4 {[%clk 00:54:33]} {[%emt 00:07:27]} Bc7
{[%clk 01:05:02]} {[%emt 00:10:12]} 15. dxe5 {[%clk 00:46:22]} {[%emt
00:08:41]} dxe5 {[%clk 01:03:16]} {[%emt 00:02:15]} 16. Qxd8 {[%clk 00:44:15]}
{[%emt 00:02:38]} Rxd8 {[%clk 01:02:49]} {[%emt 00:00:56]} 17. Nf5 {[%clk
00:42:13]} {[%emt 00:02:33]} Bb6 {[%clk 00:51:02]} {[%emt 00:12:16]} 18. g3
{[%clk 00:36:40]} {[%emt 00:06:04]} Kf8 {[%clk 00:42:51]} {[%emt 00:08:41]} 19.
Bc2 {[%clk 00:33:07]} {[%emt 00:04:03]} Be6 {[%clk 00:41:30]} {[%emt 00:01:51]}
20. Kg2 {[%clk 00:32:11]} {[%emt 00:01:26]} Nd7 {[%clk 00:39:23]} {[%emt
00:02:36]} 21. b4 {[%clk 00:28:05]} {[%emt 00:04:36]} axb4 {[%clk 00:31:21]}
{[%emt 00:08:32]} 22. cxb4 {[%clk 00:28:29]} {[%emt 00:00:06]} Ne7 {[%clk
00:31:18]} {[%emt 00:00:32]} 23. Ne3 {[%clk 00:21:27]} {[%emt 00:07:33]} Bd4
{[%clk 00:28:53]} {[%emt 00:02:55]} 24. Nxd4 {[%clk 00:20:15]} {[%emt
00:01:42]} exd4 {[%clk 00:28:50]} {[%emt 00:00:33]} 25. Nf5 {[%clk 00:20:17]}
{[%emt 00:00:28]} Nxf5 {[%clk 00:23:18]} {[%emt 00:06:02]} 26. exf5 {[%clk
00:20:44]} {[%emt 00:00:03]} Bc4 {[%clk 00:23:39]} {[%emt 00:00:08]} 27. Be4
{[%clk 00:12:41]} {[%emt 00:08:34]} Nb6 {[%clk 00:20:02]} {[%emt 00:04:07]} 28.
a5 {[%clk 00:12:51]} {[%emt 00:00:20]} Bd5 {[%clk 00:17:57]} {[%emt 00:02:35]}
29. Bb2 {[%clk 00:09:59]} {[%emt 00:03:22]} d3 {[%clk 00:14:38]} {[%emt
00:03:49]} 30. Rad1 {[%clk 00:06:52]} {[%emt 00:03:37]} Na4 {[%clk 00:04:47]}
{[%emt 00:10:21]} 31. Bd4 {[%clk 00:06:35]} {[%emt 00:00:47]} Bc4 {[%clk
00:04:32]} {[%emt 00:00:46]} 32. Ba1 {[%clk 00:04:44]} {[%emt 00:02:21]} Rd7
{[%clk 00:02:46]} {[%emt 00:02:16]} 33. Re3 {[%clk 00:03:29]} {[%emt 00:01:45]}
Rad8 {[%clk 00:03:02]} {[%emt 00:00:12]} 34. f3 {[%clk 00:03:25]} {[%emt
00:00:34]} c5 {[%clk 00:02:56]} {[%emt 00:00:37]} 35. bxc5 {[%clk 00:03:21]}
{[%emt 00:00:35]} Nxc5 {[%clk 00:03:19]} {[%emt 00:00:07]} 36. Bc3 {[%clk
00:02:58]} {[%emt 00:00:52]} Nb3 {[%clk 00:01:47]} {[%emt 00:02:01]} 37. Kf2
{[%clk 00:02:21]} {[%emt 00:01:08]} d2 {[%clk 00:01:00]} {[%emt 00:01:18]} 38.
Bc2 {[%clk 00:02:07]} {[%emt 00:00:43]} Kg8 {[%clk 00:00:36]} {[%emt 00:00:54]}
39. Bf6 {[%clk 00:00:57]} {[%emt 00:01:40]} gxf6 {[%clk 00:00:36]} {[%emt
00:00:30]} 40. Bxb3 {[%clk 00:01:24]} {[%emt 00:00:03]} Ba6 {[%clk 00:00:31]}
{[%emt 00:00:35]} 41. Rc3 {[%clk 00:21:06]} {[%emt 00:10:48]} Re7 {[%clk
00:26:20]} {[%emt 00:04:40]} 42. f4 {[%clk 00:17:15]} {[%emt 00:04:22]} Be2
{[%clk 00:24:34]} {[%emt 00:02:16]} 43. Ra1 {[%clk 00:11:16]} {[%emt 00:06:29]}
d1=N {[%clk 00:24:03]} {[%emt 00:01:00]} 44. Bxd1 {[%clk 00:11:11]} {[%emt
00:00:35]} Rxd1 {[%clk 00:23:33]} {[%emt 00:01:00]} 45. Ra2 {[%clk 00:10:32]}
{[%emt 00:01:09]} Ba6 {[%clk 00:23:19]} {[%emt 00:00:43]} 0-1

[Event "DVM U20 2022"]
[Site "Münster GER"]
[Date "2022.12.28"]
[Round "3"]
[White "Freiherr von Hauff, Christopher"]
[Black "Steinhauer, Artur"]
[Result "0-1"]
[Termination "normal"]
[Board "8.3"]
[WhiteElo "1852"]
[BlackElo "1920"]
[WhiteClock "00:00:40"]
[BlackClock "00:29:27"]
[WhiteTeam "SK Bebenhausen 1992"]
[BlackTeam "SC Bavaria Regensburg von 1881 e.V."]
[PlyCount "171"]
[WhiteFideId "16200691"]
[BlackFideId "16263596"]
[EventCountry "GER"]
[EventRounds "7"]
[EventType "team-swiss"]
[EventDate "2022.12.26"]

1. e4 {[%clk 01:30:56]} {[%emt 00:00:03]} c6 {[%clk 01:30:57]} {[%emt
00:00:04]} 2. d4 {[%clk 01:31:06]} {[%emt 00:00:20]} d5 {[%clk 01:31:21]}
{[%emt 00:00:05]} 3. Nc3 {[%clk 01:31:33]} {[%emt 00:00:04]} dxe4 {[%clk
01:31:46]} {[%emt 00:00:05]} 4. Nxe4 {[%clk 01:31:59]} {[%emt 00:00:04]} Nf6
{[%clk 01:32:09]} {[%emt 00:00:07]} 5. Nxf6 {[%clk 01:32:23]} {[%emt 00:00:07]}
exf6 {[%clk 01:32:33]} {[%emt 00:00:06]} 6. c3 {[%clk 01:31:10]} {[%emt
00:01:43]} Bd6 {[%clk 01:32:52]} {[%emt 00:00:10]} 7. Bd3 {[%clk 01:31:34]}
{[%emt 00:00:07]} O-O {[%clk 01:33:17]} {[%emt 00:00:05]} 8. Qc2 {[%clk
01:28:56]} {[%emt 00:03:08]} Re8 {[%clk 01:32:23]} {[%emt 00:01:24]} 9. Ne2
{[%clk 01:29:19]} {[%emt 00:00:07]} h5 {[%clk 01:32:48]} {[%emt 00:00:04]} 10.
Be3 {[%clk 01:27:25]} {[%emt 00:02:25]} Nd7 {[%clk 01:32:54]} {[%emt 00:00:25]}
11. O-O-O {[%clk 01:25:22]} {[%emt 00:02:33]} Nf8 {[%clk 01:33:15]} {[%emt
00:00:08]} 12. Kb1 {[%clk 01:23:46]} {[%emt 00:02:06]} Be6 {[%clk 01:33:37]}
{[%emt 00:00:08]} 13. c4 {[%clk 01:18:57]} {[%emt 00:05:20]} Rc8 {[%clk
01:33:56]} {[%emt 00:00:10]} 14. Nc3 {[%clk 01:07:30]} {[%emt 00:11:57]} Bb4
{[%clk 01:33:49]} {[%emt 00:00:37]} 15. Ne4 {[%clk 01:04:05]} {[%emt 00:03:55]}
Be7 {[%clk 01:33:55]} {[%emt 00:00:23]} 16. h3 {[%clk 00:55:13]} {[%emt
00:09:23]} f5 {[%clk 01:26:56]} {[%emt 00:07:29]} 17. Nc5 {[%clk 00:53:20]}
{[%emt 00:02:24]} Bxc5 {[%clk 01:24:51]} {[%emt 00:02:35]} 18. dxc5 {[%clk
00:53:48]} {[%emt 00:00:02]} Qf6 {[%clk 01:24:47]} {[%emt 00:00:34]} 19. g4
{[%clk 00:47:31]} {[%emt 00:06:48]} fxg4 {[%clk 01:21:29]} {[%emt 00:03:47]}
20. Bd4 {[%clk 00:47:51]} {[%emt 00:00:09]} Qf4 {[%clk 01:06:21]} {[%emt
00:15:38]} 21. Qc3 {[%clk 00:39:22]} {[%emt 00:09:00]} f6 {[%clk 00:51:59]}
{[%emt 00:14:52]} 22. hxg4 {[%clk 00:30:46]} {[%emt 00:09:07]} Bxg4 {[%clk
00:50:46]} {[%emt 00:01:42]} 23. f3 {[%clk 00:29:06]} {[%emt 00:02:11]} Bf5
{[%clk 00:45:09]} {[%emt 00:06:06]} 24. Rhg1 {[%clk 00:19:54]} {[%emt
00:09:43]} Kf7 {[%clk 00:41:04]} {[%emt 00:04:35]} 25. Ka1 {[%clk 00:18:32]}
{[%emt 00:01:53]} Bxd3 {[%clk 00:40:41]} {[%emt 00:00:51]} 26. Qxd3 {[%clk
00:18:01]} {[%emt 00:01:03]} Rcd8 {[%clk 00:39:32]} {[%emt 00:01:39]} 27. Qb3
{[%clk 00:12:55]} {[%emt 00:05:36]} Rd7 {[%clk 00:35:33]} {[%emt 00:04:28]} 28.
Bc3 {[%clk 00:09:24]} {[%emt 00:04:01]} Red8 {[%clk 00:35:12]} {[%emt
00:00:51]} 29. Rdf1 {[%clk 00:05:29]} {[%emt 00:04:25]} Ne6 {[%clk 00:31:39]}
{[%emt 00:04:03]} 30. Qc2 {[%clk 00:05:11]} {[%emt 00:00:49]} Ng5 {[%clk
00:29:26]} {[%emt 00:02:43]} 31. Ba5 {[%clk 00:04:18]} {[%emt 00:01:24]} Re8
{[%clk 00:27:21]} {[%emt 00:02:34]} 32. Rg2 {[%clk 00:02:26]} {[%emt 00:02:22]}
Qe3 {[%clk 00:17:21]} {[%emt 00:10:29]} 33. Bd2 {[%clk 00:01:35]} {[%emt
00:01:22]} Qd3 {[%clk 00:17:30]} {[%emt 00:00:21]} 34. Qxd3 {[%clk 00:01:09]}
{[%emt 00:00:57]} Rxd3 {[%clk 00:17:58]} {[%emt 00:00:01]} 35. Bxg5 {[%clk
00:01:31]} {[%emt 00:00:07]} fxg5 {[%clk 00:18:22]} {[%emt 00:00:05]} 36. Rxg5
{[%clk 00:01:56]} {[%emt 00:00:06]} Rde3 {[%clk 00:18:25]} {[%emt 00:00:27]}
37. a3 {[%clk 00:01:01]} {[%emt 00:01:25]} Re1 {[%clk 00:18:10]} {[%emt
00:00:44]} 38. Rxe1 {[%clk 00:01:26]} {[%emt 00:00:04]} Rxe1 {[%clk 00:18:39]}
{[%emt 00:00:02]} 39. Ka2 {[%clk 00:01:50]} {[%emt 00:00:07]} g6 {[%clk
00:18:03]} {[%emt 00:01:06]} 40. Kb3 {[%clk 00:01:23]} {[%emt 00:00:57]} Re3
{[%clk 00:18:20]} {[%emt 00:00:12]} 41. Kc2 {[%clk 00:01:48]} {[%emt 00:00:05]}
Rxf3 {[%clk 00:18:44]} {[%emt 00:00:06]} 42. Rg1 {[%clk 00:02:08]} {[%emt
00:00:10]} Rf2 {[%clk 00:17:55]} {[%emt 00:01:20]} 43. Kc3 {[%clk 00:02:32]}
{[%emt 00:00:07]} Kf6 {[%clk 00:18:18]} {[%emt 00:00:06]} 44. Rd1 {[%clk
00:02:43]} {[%emt 00:00:20]} Kg7 {[%clk 00:18:29]} {[%emt 00:00:18]} 45. Rh1
{[%clk 00:02:08]} {[%emt 00:01:04]} Kh6 {[%clk 00:18:52]} {[%emt 00:00:07]} 46.
Rd1 {[%clk 00:02:34]} {[%emt 00:00:05]} Rf7 {[%clk 00:19:09]} {[%emt 00:00:13]}
47. b4 {[%clk 00:02:39]} {[%emt 00:00:25]} Rc7 {[%clk 00:14:57]} {[%emt
00:04:42]} 48. Rd8 {[%clk 00:02:32]} {[%emt 00:00:37]} h4 {[%clk 00:14:45]}
{[%emt 00:00:42]} 49. Kd2 {[%clk 00:02:36]} {[%emt 00:00:26]} Kh5 {[%clk
00:14:27]} {[%emt 00:00:47]} 50. Ke3 {[%clk 00:02:39]} {[%emt 00:00:28]} Rf7
{[%clk 00:14:42]} {[%emt 00:00:15]} 51. a4 {[%clk 00:02:38]} {[%emt 00:00:32]}
a6 {[%clk 00:13:35]} {[%emt 00:01:36]} 52. b5 {[%clk 00:02:40]} {[%emt
00:00:28]} axb5 {[%clk 00:13:55]} {[%emt 00:00:11]} 53. cxb5 {[%clk 00:03:05]}
{[%emt 00:00:05]} cxb5 {[%clk 00:14:07]} {[%emt 00:00:18]} 54. axb5 {[%clk
00:03:29]} {[%emt 00:00:06]} h3 {[%clk 00:12:47]} {[%emt 00:01:50]} 55. c6
{[%clk 00:03:04]} {[%emt 00:00:56]} bxc6 {[%clk 00:09:53]} {[%emt 00:03:24]}
56. bxc6 {[%clk 00:03:25]} {[%emt 00:00:09]} Kg4 {[%clk 00:07:59]} {[%emt
00:02:24]} 57. Rd7 {[%clk 00:01:01]} {[%emt 00:02:53]} Rf6 {[%clk 00:08:02]}
{[%emt 00:00:28]} 58. c7 {[%clk 00:01:21]} {[%emt 00:00:10]} Rc6 {[%clk
00:08:23]} {[%emt 00:00:09]} 59. Rd6 {[%clk 00:23:51]} {[%emt 00:08:00]} Rc3
{[%clk 00:37:33]} {[%emt 00:01:19]} 60. Kd2 {[%clk 00:20:47]} {[%emt 00:03:34]}
Rxc7 {[%clk 00:32:59]} {[%emt 00:05:04]} 61. Rxg6 {[%clk 00:21:08]} {[%emt
00:00:10]} Kh5 {[%clk 00:31:36]} {[%emt 00:01:53]} 62. Rg8 {[%clk 00:09:58]}
{[%emt 00:11:40]} Re7 {[%clk 00:30:43]} {[%emt 00:01:22]} 63. Rh8 {[%clk
00:09:35]} {[%emt 00:00:53]} Kg4 {[%clk 00:31:06]} {[%emt 00:00:06]} 64. Rg8
{[%clk 00:09:29]} {[%emt 00:00:37]} Kf3 {[%clk 00:30:10]} {[%emt 00:01:26]} 65.
Rf8 {[%clk 00:09:25]} {[%emt 00:00:34]} Kg2 {[%clk 00:30:23]} {[%emt 00:00:16]}
66. Rg8 {[%clk 00:09:35]} {[%emt 00:00:20]} Kh2 {[%clk 00:30:39]} {[%emt
00:00:14]} 67. Rg6 {[%clk 00:06:12]} {[%emt 00:03:54]} Re4 {[%clk 00:28:48]}
{[%emt 00:02:21]} 68. Rg8 {[%clk 00:06:02]} {[%emt 00:00:40]} Ra4 {[%clk
00:28:27]} {[%emt 00:00:51]} 69. Ke2 {[%clk 00:04:37]} {[%emt 00:01:55]} Ra2
{[%clk 00:28:40]} {[%emt 00:00:17]} 70. Kf3 {[%clk 00:03:59]} {[%emt 00:01:08]}
Kh1 {[%clk 00:28:11]} {[%emt 00:00:58]} 71. Rh8 {[%clk 00:02:16]} {[%emt
00:02:13]} Ra3 {[%clk 00:28:27]} {[%emt 00:00:15]} 72. Kf2 {[%clk 00:02:32]}
{[%emt 00:00:14]} Kh2 {[%clk 00:28:47]} {[%emt 00:00:09]} 73. Rg8 {[%clk
00:02:54]} {[%emt 00:00:09]} Ra6 {[%clk 00:29:12]} {[%emt 00:00:04]} 74. Kf3
{[%clk 00:02:34]} {[%emt 00:00:50]} Ra2 {[%clk 00:29:25]} {[%emt 00:00:18]} 75.
Rg6 {[%clk 00:02:25]} {[%emt 00:00:39]} Rg2 {[%clk 00:29:50]} {[%emt 00:00:04]}
76. Rh6 {[%clk 00:02:41]} {[%emt 00:00:14]} Rg5 {[%clk 00:30:09]} {[%emt
00:00:12]} 77. Kf4 {[%clk 00:01:43]} {[%emt 00:01:29]} Rg7 {[%clk 00:30:34]}
{[%emt 00:00:05]} 78. Kf3 {[%clk 00:01:47]} {[%emt 00:00:26]} Rf7 {[%clk
00:30:55]} {[%emt 00:00:09]} 79. Ke2 {[%clk 00:01:19]} {[%emt 00:00:58]} Kg3
{[%clk 00:31:02]} {[%emt 00:00:22]} 80. Rg6 {[%clk 00:00:47]} {[%emt 00:01:02]}
Kh4 {[%clk 00:31:04]} {[%emt 00:00:28]} 81. Rg8 {[%clk 00:01:08]} {[%emt
00:00:10]} Rf4 {[%clk 00:30:56]} {[%emt 00:00:39]} 82. Rh8 {[%clk 00:00:37]}
{[%emt 00:01:01]} Kg3 {[%clk 00:31:15]} {[%emt 00:00:10]} 83. Ke3 {[%clk
00:00:36]} {[%emt 00:00:30]} Rg4 {[%clk 00:29:54]} {[%emt 00:01:52]} 84. Rf8
{[%clk 00:00:33]} {[%emt 00:00:33]} h2 {[%clk 00:29:27]} {[%emt 00:00:56]} 85.
Rh8 {[%clk 00:00:40]} {[%emt 00:00:24]} Rf4 {[%emt 00:01:09]} 86. Ke2 {[%emt
00:00:03]} 0-1

[Event "DVM U20 2022"]
[Site "Münster GER"]
[Date "2022.12.28"]
[Round "3"]
[White "Neugirg, Mika"]
[Black "Kauth, Lukas"]
[Result "1-0"]
[Termination "normal"]
[Board "8.4"]
[WhiteElo "1573"]
[BlackElo "1488"]
[WhiteClock "00:08:06"]
[BlackClock "01:04:14"]
[WhiteTeam "SC Bavaria Regensburg von 1881 e.V."]
[BlackTeam "SK Bebenhausen 1992"]
[PlyCount "163"]
[WhiteFideId "34619160"]
[BlackFideId "16272994"]
[EventCountry "GER"]
[EventRounds "7"]
[EventType "team-swiss"]
[EventDate "2022.12.26"]

1. Nf3 {[%clk 01:30:51]} {[%emt 00:00:09]} Nf6 {[%clk 01:30:21]} {[%emt
00:00:39]} 2. b3 {[%clk 01:31:06]} {[%emt 00:00:14]} g6 {[%clk 01:30:22]}
{[%emt 00:00:30]} 3. Bb2 {[%clk 01:31:26]} {[%emt 00:00:10]} Bg7 {[%clk
01:30:47]} {[%emt 00:00:05]} 4. e3 {[%clk 01:31:36]} {[%emt 00:00:20]} O-O
{[%clk 01:30:54]} {[%emt 00:00:23]} 5. d4 {[%clk 01:31:48]} {[%emt 00:00:19]}
d5 {[%clk 01:31:00]} {[%emt 00:00:22]} 6. c4 {[%clk 01:31:49]} {[%emt
00:00:31]} Bf5 {[%clk 01:29:48]} {[%emt 00:01:42]} 7. Nc3 {[%clk 01:24:27]}
{[%emt 00:07:51]} c5 {[%clk 01:28:56]} {[%emt 00:01:22]} 8. Be2 {[%clk
01:13:43]} {[%emt 00:11:14]} Nc6 {[%clk 01:27:32]} {[%emt 00:01:54]} 9. O-O
{[%clk 01:06:13]} {[%emt 00:08:01]} Bg4 {[%clk 01:16:16]} {[%emt 00:11:46]} 10.
dxc5 {[%clk 00:44:17]} {[%emt 00:22:25]} dxc4 {[%clk 01:14:48]} {[%emt
00:01:58]} 11. bxc4 {[%clk 00:43:25]} {[%emt 00:01:22]} Bxf3 {[%clk 01:14:28]}
{[%emt 00:00:50]} 12. Bxf3 {[%clk 00:43:10]} {[%emt 00:00:45]} Ne5 {[%clk
01:14:16]} {[%emt 00:00:42]} 13. Bxb7 {[%clk 00:36:56]} {[%emt 00:06:43]} Rb8
{[%clk 01:14:10]} {[%emt 00:00:37]} 14. c6 {[%clk 00:35:50]} {[%emt 00:01:36]}
Nxc6 {[%clk 01:11:20]} {[%emt 00:03:20]} 15. Bxc6 {[%clk 00:35:25]} {[%emt
00:00:55]} Rxb2 {[%clk 01:11:35]} {[%emt 00:00:15]} 16. Rb1 {[%clk 00:33:34]}
{[%emt 00:02:18]} Qb6 {[%clk 01:10:03]} {[%emt 00:02:04]} 17. Rxb2 {[%clk
00:29:00]} {[%emt 00:05:05]} Qxb2 {[%clk 01:10:31]} {[%emt 00:00:02]} 18. Qc1
{[%clk 00:28:58]} {[%emt 00:00:31]} Qb4 {[%clk 01:09:24]} {[%emt 00:01:37]} 19.
Bb5 {[%clk 00:26:45]} {[%emt 00:02:43]} Ne8 {[%clk 01:08:22]} {[%emt 00:01:33]}
20. Nd5 {[%clk 00:26:00]} {[%emt 00:01:14]} Qc5 {[%clk 01:08:11]} {[%emt
00:00:40]} 21. Rd1 {[%clk 00:24:51]} {[%emt 00:01:40]} e6 {[%clk 01:07:39]}
{[%emt 00:00:56]} 22. Nf4 {[%clk 00:23:59]} {[%emt 00:01:21]} Nc7 {[%clk
01:07:12]} {[%emt 00:01:02]} 23. Ba4 {[%clk 00:21:22]} {[%emt 00:03:05]} Rc8
{[%clk 01:06:21]} {[%emt 00:01:23]} 24. Bb3 {[%clk 00:21:25]} {[%emt 00:00:28]}
Nd5 {[%clk 01:05:24]} {[%emt 00:01:28]} 25. Nd3 {[%clk 00:20:04]} {[%emt
00:01:45]} Qa5 {[%clk 01:04:32]} {[%emt 00:01:22]} 26. Qd2 {[%clk 00:19:16]}
{[%emt 00:01:20]} Bc3 {[%clk 01:04:26]} {[%emt 00:00:39]} 27. Qe2 {[%clk
00:19:09]} {[%emt 00:00:34]} Nb4 {[%clk 01:02:31]} {[%emt 00:02:29]} 28. Nf4
{[%clk 00:17:14]} {[%emt 00:02:23]} Na6 {[%clk 01:01:19]} {[%emt 00:01:44]} 29.
h4 {[%clk 00:16:37]} {[%emt 00:01:06]} Nc5 {[%clk 01:01:09]} {[%emt 00:00:41]}
30. h5 {[%clk 00:16:15]} {[%emt 00:00:52]} Nxb3 {[%clk 01:01:04]} {[%emt
00:00:35]} 31. axb3 {[%clk 00:16:31]} {[%emt 00:00:14]} Qb4 {[%clk 01:00:50]}
{[%emt 00:00:44]} 32. Qc2 {[%clk 00:16:01]} {[%emt 00:00:57]} Rb8 {[%clk
00:58:26]} {[%emt 00:02:58]} 33. Rd3 {[%clk 00:16:02]} {[%emt 00:00:26]} Be5
{[%clk 00:57:13]} {[%emt 00:01:45]} 34. Qd1 {[%clk 00:15:02]} {[%emt 00:01:26]}
Kg7 {[%clk 00:55:50]} {[%emt 00:01:57]} 35. Ne2 {[%clk 00:13:03]} {[%emt
00:02:27]} Qc5 {[%clk 00:53:44]} {[%emt 00:02:37]} 36. hxg6 {[%clk 00:11:23]}
{[%emt 00:02:10]} hxg6 {[%clk 00:53:57]} {[%emt 00:00:17]} 37. Nd4 {[%clk
00:09:04]} {[%emt 00:02:47]} Re8 {[%clk 00:50:19]} {[%emt 00:04:07]} 38. Nf3
{[%clk 00:07:27]} {[%emt 00:02:07]} Bf6 {[%clk 00:50:04]} {[%emt 00:00:47]} 39.
Rd7 {[%clk 00:06:29]} {[%emt 00:01:23]} a5 {[%clk 00:49:54]} {[%emt 00:00:45]}
40. Rb7 {[%clk 00:02:23]} {[%emt 00:04:31]} Rd8 {[%clk 00:49:43]} {[%emt
00:00:46]} 41. Rd7 {[%clk 00:02:12]} {[%emt 00:00:37]} Rxd7 {[%clk 00:47:24]}
{[%emt 00:02:53]} 42. Qxd7 {[%clk 00:02:23]} {[%emt 00:00:17]} Qa3 {[%clk
00:46:47]} {[%emt 00:01:07]} 43. Qd1 {[%clk 00:02:29]} {[%emt 00:00:24]} Qb4
{[%clk 00:46:26]} {[%emt 00:00:52]} 44. Qc2 {[%clk 00:30:18]} {[%emt 00:02:40]}
Qc5 {[%clk 01:09:57]} {[%emt 00:07:01]} 45. Ne1 {[%clk 00:27:17]} {[%emt
00:03:29]} Qa3 {[%clk 01:08:54]} {[%emt 00:01:34]} 46. Nd3 {[%clk 00:26:00]}
{[%emt 00:01:44]} Qa1 {[%clk 01:08:32]} {[%emt 00:00:55]} 47. Kh2 {[%clk
00:26:16]} {[%emt 00:00:13]} g5 {[%clk 01:08:00]} {[%emt 00:01:00]} 48. g3
{[%clk 00:24:41]} {[%emt 00:02:04]} Kf8 {[%clk 01:06:37]} {[%emt 00:01:53]} 49.
Nc5 {[%clk 00:21:49]} {[%emt 00:03:21]} Be7 {[%clk 01:05:00]} {[%emt 00:02:14]}
50. Nd3 {[%clk 00:19:57]} {[%emt 00:02:18]} e5 {[%clk 01:04:12]} {[%emt
00:01:20]} 51. Qb2 {[%clk 00:16:01]} {[%emt 00:04:22]} Qxb2 {[%clk 01:04:01]}
{[%emt 00:00:45]} 52. Nxb2 {[%clk 00:16:22]} {[%emt 00:00:08]} e4 {[%clk
01:04:24]} {[%emt 00:00:09]} 53. g4 {[%clk 00:16:04]} {[%emt 00:00:43]} f6
{[%clk 01:03:46]} {[%emt 00:01:13]} 54. Na4 {[%clk 00:15:09]} {[%emt 00:01:23]}
Bb4 {[%clk 01:03:57]} {[%emt 00:00:20]} 55. Nb6 {[%clk 00:14:14]} {[%emt
00:01:19]} Be1 {[%emt 00:00:38]} 56. Kg2 {[%clk 00:14:28]} {[%emt 00:00:10]}
Kf7 {[%clk 01:03:56]} {[%emt 00:00:27]} 57. f3 {[%clk 00:12:21]} {[%emt
00:02:43]} exf3 {[%clk 01:04:03]} {[%emt 00:00:26]} 58. Kxf3 {[%clk 00:12:39]}
{[%emt 00:00:10]} Bb4 {[%clk 01:04:18]} {[%emt 00:00:16]} 59. Nd5 {[%clk
00:12:16]} {[%emt 00:00:51]} Bc5 {[%clk 01:04:39]} {[%emt 00:00:11]} 60. Ke4
{[%clk 00:12:15]} {[%emt 00:00:27]} Ke6 {[%clk 01:04:58]} {[%emt 00:00:15]} 61.
Nc3 {[%clk 00:09:59]} {[%emt 00:02:43]} Bb4 {[%clk 01:03:46]} {[%emt 00:01:45]}
62. Nb5 {[%clk 00:10:11]} {[%emt 00:00:16]} Bc5 {[%clk 01:03:06]} {[%emt
00:01:11]} 63. Nd4 {[%clk 00:10:08]} {[%emt 00:00:32]} Kd6 {[%clk 01:02:25]}
{[%emt 00:01:14]} 64. Kf5 {[%clk 00:10:06]} {[%emt 00:00:30]} Ke7 {[%clk
01:02:34]} {[%emt 00:00:22]} 65. Nc6 {[%clk 00:10:18]} {[%emt 00:00:15]} Kf7
{[%clk 01:02:55]} {[%emt 00:00:12]} 66. Nxa5 {[%clk 00:10:27]} {[%emt
00:00:20]} Bxe3 {[%clk 01:03:23]} {[%emt 00:00:03]} 67. Nb7 {[%clk 00:09:57]}
{[%emt 00:00:56]} Bd4 {[%clk 01:03:26]} {[%emt 00:00:30]} 68. b4 {[%clk
00:08:54]} {[%emt 00:01:30]} Ke7 {[%clk 01:03:41]} {[%emt 00:00:17]} 69. Ke4
{[%clk 00:08:05]} {[%emt 00:01:17]} Bc3 {[%clk 01:03:50]} {[%emt 00:00:24]} 70.
b5 {[%clk 00:08:20]} {[%emt 00:00:11]} Kd7 {[%clk 01:04:01]} {[%emt 00:00:22]}
71. c5 {[%clk 00:07:43]} {[%emt 00:01:03]} Kc7 {[%clk 01:04:06]} {[%emt
00:00:30]} 72. Nd6 {[%clk 00:07:55]} {[%emt 00:00:14]} Be5 {[%clk 01:03:43]}
{[%emt 00:00:57]} 73. Nf5 {[%clk 00:07:34]} {[%emt 00:00:51]} Bb2 {[%clk
01:03:16]} {[%emt 00:00:58]} 74. Kd5 {[%clk 00:07:49]} {[%emt 00:00:14]} Kb7
{[%clk 01:02:52]} {[%emt 00:00:55]} 75. Nd6 {[%clk 00:07:42]} {[%emt 00:00:35]}
Kb8 {[%clk 01:02:42]} {[%emt 00:00:41]} 76. b6 {[%clk 00:07:51]} {[%emt
00:00:17]} Be5 {[%clk 01:02:50]} {[%emt 00:00:27]} 77. c6 {[%clk 00:07:13]}
{[%emt 00:01:05]} Bxd6 {[%clk 01:02:28]} {[%emt 00:00:54]} 78. Kxd6 {[%clk
00:07:32]} {[%emt 00:00:10]} f5 {[%clk 01:02:47]} {[%emt 00:00:12]} 79. gxf5
{[%clk 00:07:41]} {[%emt 00:00:20]} g4 {[%clk 01:03:16]} {[%emt 00:00:02]} 80.
f6 {[%clk 00:07:49]} {[%emt 00:00:20]} g3 {[%clk 01:03:45]} {[%emt 00:00:03]}
81. f7 {[%clk 00:08:06]} {[%emt 00:00:12]} g2 {[%clk 01:04:14]} {[%emt
00:00:02]} 82. f8=Q# {[%emt 00:00:12]} 1-0